Neon Genesis Evangelion Quiz #2 - Statistics

General Stats
  • This quiz has been taken 303 times
  • The average score is 10 of 25
Answer Stats
Hint Answer % Correct
Misato's love interest, a triple agent Ryoji Kaji
92%
Continent destroyed by the Second Impact Antarctica
78%
Tabris was known to Shinji by this name Nagisa Kaworu
73%
Designation of the above: _th Children 5
72%
The rhombus-shaped 5th angel Ramiel
69%
The 4th Children Suzuhara Toji
65%
Jazz song by Bart Howard used as the series' ending theme Fly Me to the Moon
60%
What NERV's three supercomputers are called collectively MAGI
60%
Remake of Evangelion released between 2007 and 2021: _______ of Evangelion Rebuild
58%
Location where NERV keeps Lilith Terminal Dogma
42%
Name of the underground cavern home to Tokyo-3 Geofront
41%
What the 18th angel is commonly known as Humanity
39%
Angelic name of the above Lilin
37%
What Shinji will become, according to that song Legend
36%
Classical music piece featured in episode 24 Beethoven's 9th
33%
Shinji's military-obsessed friend Muruguma Kensuke
33%
These computers individually are called Casper, Balthazar and ________ Melchior
32%
Class president and love interest of the above Horaki Hikari
26%
Singer of the series' opening theme "A Cruel Angel's Thesis" Takahashi Yoko
19%
The "Gate" which separates the living and the dead Guf
17%
The only named member of SEELE Keel Lorenz
15%
Episode that has become lost media 16
14%
S2 engine, also known as the Super ________ engine Solenoid
11%
Cause of Rei-01's death Strangling
11%
Name of the Japanese army in the series: Japanese _________ Self-Defense Force Strategic
8%
No matching quizzes found
Score Distribution
Percent of People with Each Score
Percentile by Number Answered
Your Score History
You have not taken this quiz